000
00297nam a2200109Ia 4500
008
220204s9999 xx 000 0 und d
082
_a
666.798
_b
SWA
100
_a
Swamy, R N
245
0
_a
Testing and test methods of fibre cement composites
260
_a
Lancaster
_b
Construction
_c
1975
942
_c
BK
999
_c
32359
_d
32359